| 000 | 01112nam a2200301Ia 4500 | ||
|---|---|---|---|
| 003 | GCL | ||
| 008 | 140319s9999 xx 000 0 ara d | ||
| 020 | _a6073320977 | ||
| 040 |
_aGCL / _cGCL |
||
| 082 | 0 | 4 |
_a928.1 _bم ح |
| 100 | 1 | _aمحمود فوزى المناوى | |
| 245 | 1 | 0 |
_aحكماء وشعراء من اون الى قصر العينى / _cمحمود فوزى المناوى |
| 250 | _aالاولى | ||
| 260 |
_aالقاهرة : _bمركز الاهرام للترجمة والنشر ، _c2001 |
||
| 300 |
_a424 ص ؛ _c24 سم |
||
| 650 | 0 | 4 | _aالشعراء العرب |
| 650 | 0 | 4 | _aالفلاسفة المسلمون |
| 650 | 0 | 4 | _aالفلاسفة العرب |
| 650 | 0 | 4 | _aالفلاسفة المصريون |
| 650 | 0 | 4 | _aالطب - تراجم |
| 650 | 0 | 4 | _aالشعراء العرب - مصر |
| 650 | 0 | 4 | _aالشعراء العرب - العراق |
| 650 | 0 | 4 | _aالاطباء المصريون |
| 650 | 0 | 4 | _aالشعراء العرب - الاندلس |
| 650 | 0 | 4 | _aالشعراء العرب - الشام |
| 650 | 0 | 4 | _aالشعراء العرب - المغرب |
| 942 |
_2ddc _cBK |
||
| 999 |
_c9303 _d9303 |
||